Seu Zangado (Record no. 125147)

MARC details
000 -LÍDER
campo de controle de tamanho fixo 00723 a2200169 4500
001 - NÚMERO DE CONTROLE
campo de controle 125147
020 ## - ISBN - INTERNATIONAL STANDARD BOOK NUMBER
ISBN - International Standard Book Number 9788585357535
040 ## - FONTE DA CATALOGAÇÃO
Instituição que transcreveu o registro Escola Canadense de Niteroi
090 ## - NÚMERO DE CHAMADA LOCAL
Número de chamada (OCLC) (R); Número de chamada, CALL (RLIN) (NR) HAR-S1
100 ## - ENTRADA PRINCIPAL--NOME PESSOAL
Nome pessoal Hargreaves, Roger
245 10 - TÍTULO
Título Seu Zangado
260 ## - PUBLICAÇÃO, DISTRIBUIÇÃO, ETC.
Local de publicação, distribuição, etc. São Paulo
300 ## - DESCRIÇÃO FÍSICA
Outros detalhes físicos il.
Dimensões 3 x 0.4 x 14 cm
362 0# - DATAS DE PUBLICAÇÃO E/OU DESIGNAÇÃO SEQUENCIAL
Datas de publicação e/ou designação sequencial 1996
520 ## - NOTA DE RESUMO, ETC
Resumo, etc. Os personagens pitorescos dessa coleção, criados por Roger Hargreaves, simbolizam de uma forma divertida o comportamento do ser humano. Seu sucesso se deve, em parte, à fácil assimilação dos personagens, que representam sentimentos e sensações universais como medo, felicidade, vaidade e arrogância, identificáveis por crianças de todas as partes do mundo.
942 ## - ELEMENTOS DE ENTRADA ADICIONADOS (KOHA)
Tipo de material Koha Livros
Holdings
Situação do descarte Situação das perdas Situação física Não pode ser emprestado Biblioteca de origem Biblioteca atual Data de aquisição Total de empréstimos Número de chamada completo Código de barras Data de último acesso Data do preço efetivo Tipo de material Koha
        Canadian School of Niterói - Piratininga Canadian School of Niterói - Piratininga 09/02/2024   HAR-S1 A02473 09/02/2024 09/02/2024 Livros